000 00358nam a2200121 4500
005 20260424094815.0
008 260424b |||||||| |||| 00| 0 eng d
100 _aSax N. Irving
245 _aHandbook of Dangerous Materials
_c/N. Irving Sax
260 _aNew York;
_bReinhold Publishing Corporation;
_c1951
300 _aviii,848p.ill;
_c26cm
942 _2lcc
_n0
_cBK
999 _c235
_d235